Представление документа в формате MARC21

Поле Инд. ПП Название Значение
Тип записи a
Библиографический уровень b
001 Контрольный номер RU/IS/BASE/160928496
005 Дата корректировки 20200526074510.2
084 a Индекс другой классификации/Индекс ББК 66.3(2Рос),123; 67.400(2Рос)
100 1_ a Автор Попов А. И.
245 a Заглавие Специфика самоуправления - в единстве государственного и муниципального управления
500 a Примечание В рубрике "Преподавателю социально-гуманитарных дисциплин"
504 a Библиография Библиогр. ссылки
650 a Основная рубрика внутренняя политика
a Основная рубрика конституционное право (государственное право)
a Основная рубрика политика
a Основная рубрика право
653 a Ключевые слова государственная власть
a Ключевые слова государственное устройство
a Ключевые слова местная власть
a Ключевые слова местное самоуправление
a Ключевые слова местное управление
a Ключевые слова муниципальная власть
a Ключевые слова Россия
a Ключевые слова субъекты РФ
a Ключевые слова федеративное устройство
773 t Заглавие источника Социально-гуманитарные знания
d Дата издания источника 2001
g Прочая информация № 2. - С. 119 - 135
w Контрольный № источника RU/IS/BASE/139676123
901 t Тип документа b